000 00296nam a2200085Ia 4500
245 0 _aThe everything green wedding book : plan an elegant, affordable, earth-friendly wedding
100 _a NAPOLITANO, Wenona Avon, MA, 2009
_980804
942 _cBK
008 210817s9999 xx 000 0 und d
999 _c285118
_d285117